ARRUPE JESUIT UNIVERSITY

CORONAVIRUS -STOP THE SPREAD - CLEAN,DISINFECT,COVER

Seeking the heart of God (Record no. 16438)

MARC details
000 -LEADER
fixed length control field 00520nam a2200217Ia 4500
003 - CONTROL NUMBER IDENTIFIER
control field 0100
008 - FIXED-LENGTH DATA ELEMENTS--GENERAL INFORMATION
fixed length control field 130303s9999 xx 000 0 und d
020 ## - INTERNATIONAL STANDARD BOOK NUMBER
International Standard Book Number 60682388
040 ## - CATALOGING SOURCE
Transcribing agency ARRUPELIB
050 ## - LIBRARY OF CONGRESS CALL NUMBER
Classification number BV210.2.T4371993
300 ## - PHYSICAL DESCRIPTION
Other physical details 19cm
100 ## - MAIN ENTRY--PERSONAL NAME
Personal name Teresa, Mother
245 ## - TITLE STATEMENT
Title Seeking the heart of God
245 ## - TITLE STATEMENT
Remainder of title reflections on prayer
260 ## - PUBLICATION, DISTRIBUTION, ETC. (IMPRINT)
Place of publication, distribution, etc San Francisco
260 ## - PUBLICATION, DISTRIBUTION, ETC. (IMPRINT)
Name of publisher, distributor, etc Harper
260 ## - PUBLICATION, DISTRIBUTION, ETC. (IMPRINT)
-- 1993
300 ## - PHYSICAL DESCRIPTION
Extent 100 p.
700 ## - ADDED ENTRY--PERSONAL NAME
Personal name Mother Teresa and Brother Roger , Roger, Frere
942 00 - ADDED ENTRY ELEMENTS (KOHA)
Koha issues (borrowed), all copies 1
Holdings
Withdrawn status Lost status Source of classification or shelving scheme Damaged status Not for loan Collection code Home library Current library Shelving location Date acquired Total Checkouts Full call number Barcode Date last seen Date checked out Copy number Price effective from Koha item type
    Library of Congress Classification     Main Collection ARRUPE LIBRARY ARRUPE LIBRARY   04/03/2013 1 BV210.2.T4371993 46003038419 24/01/2017 18/10/2013 1 04/03/2013 Monograph ( Printed materials)

 

Arrupe Library. PO Box MP320 Mt Pleasant, Harare, Zimbabwe
263 242 745411|librarian@aju.ac.zw